| 000 | 01449nam a2200361Ia 4500 | ||
|---|---|---|---|
| 001 | 9780203847015 | ||
| 003 | BD-DhSAU | ||
| 005 | 20151012151720.0 | ||
| 006 | a|||||s||||||||||| | ||
| 007 | cr|||| | ||
| 008 | 101122s2010 nyu sb 001 0 eng d | ||
| 020 | _a9780203847015 (e-book : PDF) | ||
| 040 |
_aBD-DhSAU _cBD-DhSAU |
||
| 090 |
_aHN49.C6 _bS625 2010 |
||
| 092 |
_a307.14 _bS678 |
||
| 245 | 0 | 0 |
_aSocial development _h[electronic resource] : _bcritical themes and perspectives / _cedited by Manohar S. Pawar and David R. Cox. |
| 260 |
_aNew York : _bRoutledge, _c2010. |
||
| 300 | _aviii, 260 p. | ||
| 490 | 1 |
_aRoutledge studies in development and society ; _v25 |
|
| 504 | _aIncludes bibliographical references and index. | ||
| 505 | 0 | _apt. 1. Conceptual understanding of social development -- pt. 2. Critical perspectives in social development -- pt. 3. Ethical issues in social development -- pt. 4. Future of social development. | |
| 530 | _aAlso available in print edition. | ||
| 538 | _aMode of access: World Wide Web. | ||
| 650 | 0 | _aCommunity development. | |
| 650 | 0 |
_aCommunity development _xMoral and ethical aspects. |
|
| 655 | 7 |
_aElectronic books. _2lcsh |
|
| 700 | 1 | _aPawar, Manohar S. | |
| 700 | 1 | _aCox, David R. | |
| 776 | 1 | _z0415879264 | |
| 776 | 1 | _z9780415879262 | |
| 830 | 0 |
_aRoutledge studies in development and society ; _v25. |
|
| 856 | 4 | 0 | _uhttp://www.tandfebooks.com/isbn/9780203847015 |
| 999 |
_c12645 _d12644 |
||